| 000 | 00680nam a2200193 i 4500 | ||
|---|---|---|---|
| 001 | 127530 | ||
| 003 | ES-MaACL | ||
| 005 | 20230906193030.0 | ||
| 007 | t| | ||
| 008 | 070214s1925 fr r ||||1| fre d | ||
| 100 | 1 |
_aRietschel, Hermann. _997170 |
|
| 245 | 1 | 0 |
_aTraité théorique et pratique de Chauffage et de ventilation / _cH. Rietschel ; reun et mis a jour par le Prof. Dr. K. Brablée ; traduit sur la sixième édition allemande par Ad. Jouve. |
| 260 |
_aParis : _bEvreux Ch. Herissey, _c1925. |
||
| 300 |
_aXX, 407 p. ; _c28 cm. |
||
| 650 | 4 |
_aCalefacción. _9155174 |
|
| 650 | 0 | 4 |
_aVentilación. _9136979 |
| 700 | 1 |
_aBrablée, K. _931228 |
|
| 852 |
_aES-MaACL _jF-3246 |
||
| 999 |
_c127530 _d127530 |
||